Development as Freedom (Record no. 3469)

MARC details
000 -LEADER
fixed length control field 00926cam a2200313 a 4500
001 - CONTROL NUMBER
control field 12331845
003 - CONTROL NUMBER IDENTIFIER
control field OSt
005 - DATE AND TIME OF LATEST TRANSACTION
control field 20161018194756.0
008 - FIXED-LENGTH DATA ELEMENTS--GENERAL INFORMATION
fixed length control field 010301r20011999enk b 001 0 eng
010 ## - LIBRARY OF CONGRESS CONTROL NUMBER
LC control number 2001274375
015 ## - NATIONAL BIBLIOGRAPHY NUMBER
National bibliography number GBA1-10178
020 ## - INTERNATIONAL STANDARD BOOK NUMBER
International Standard Book Number 0192893300
035 ## - SYSTEM CONTROL NUMBER
System control number (OCoLC)ocm45854372
040 ## - CATALOGING SOURCE
Original cataloging agency UKM
Transcribing agency UKM
Modifying agency DLC
042 ## - AUTHENTICATION CODE
Authentication code lccopycat
043 ## - GEOGRAPHIC AREA CODE
Geographic area code d------
050 00 - LIBRARY OF CONGRESS CALL NUMBER
Classification number JC585
Item number .S473 2001
082 00 - DEWEY DECIMAL CLASSIFICATION NUMBER
Classification number 338.9
Edition number 21
Item number SEN 1999
100 1# - MAIN ENTRY--PERSONAL NAME
Personal name Sen, Amartya,
Dates associated with a name 1933-
9 (RLIN) 7750
245 10 - TITLE STATEMENT
Title Development as Freedom
260 ## - PUBLICATION, DISTRIBUTION, ETC. (IMPRINT)
Name of publisher, distributor, etc. Oxford University Press,
Date of publication, distribution, etc. 2001.
300 ## - PHYSICAL DESCRIPTION
Extent xvi, 366 p. ;
Dimensions 20 cm.
504 ## - BIBLIOGRAPHY, ETC. NOTE
Bibliography, etc Includes bibliographical references and index.
650 #0 - SUBJECT ADDED ENTRY--TOPICAL TERM
Topical term or geographic name as entry element Economic development
9 (RLIN) 7751
650 #0 - SUBJECT ADDED ENTRY--TOPICAL TERM
Topical term or geographic name as entry element Social development
9 (RLIN) 1753
856 41 - ELECTRONIC LOCATION AND ACCESS
Materials specified Table of contents
Uniform Resource Identifier http://www.loc.gov/catdir/toc/fy02/2001274375.html
906 ## - LOCAL DATA ELEMENT F, LDF (RLIN)
a 7
b cbc
c copycat
d 2
e ncip
f 20
g y-gencatlg
942 ## - ADDED ENTRY ELEMENTS (KOHA)
Source of classification or shelving scheme Dewey Decimal Classification
Koha item type Short Loan
Holdings
Withdrawn status Lost status Source of classification or shelving scheme Damaged status Not for loan Home library Current library Date acquired Source of acquisition Inventory number Total Checkouts Full call number Barcode Date last seen Koha item type Price effective from
    Dewey Decimal Classification     MUST Main Library MUST Main Library 12/04/2016   12/36857   338.9 SEN 1999 2016-0732 12/04/2016 Short Loan  
    Dewey Decimal Classification     MUST Main Library MUST Main Library 12/04/2016   04/21115   338.9 SEN 1999 2016-0733 12/04/2016 Short Loan  
    Dewey Decimal Classification     MUST Main Library MUST Main Library 20/04/2016   04/21114   338.9 SEN 1999 2016-1066 20/04/2016 Short Loan  
    Dewey Decimal Classification     MUST Main Library MUST Main Library 20/04/2016   04/21823   338.9 SEN 1999 2016-1067 20/04/2016 Short Loan  
    Dewey Decimal Classification     MUST Main Library MUST Main Library 25/06/2024 Purchase 14/37187   338.9 SEN 1999 2024-21317 25/06/2024 Short Loan 25/06/2024